000 01260nam a22002417a 4500
003 NALT
005 20251125232938.0
008 s2535 th tha d
040 _aNALT
041 _atha
050 _aJQ1745.A1 ก318ส 2535
110 0 _aกลุ่มนักวิชาการเพื่อประชาธิปไตย
245 1 0 _aสู้เพื่อประชาธิปไตย : ความเป้นมาทางการเมืองของกรณีนองเลือดพฤษภาคม 2535
260 3 _aม.ป.ท. :
_bม.ป.พ.,
_c2535
300 _a48 หน้า :
_b ภาพประกอบ
610 _aกลุ่มนักวิชาการเพื่อประชาธิปไตย
650 0 4 _aไทย -- การเมืองและการปกครอง -- กรุงรัตนโกสินทร์, 2535
650 0 4 _aไทย -- การเมืองและการปกครอง -- กรุงรัตนโกสินทร์, 2535
850 _aNALT
856 4 0 _uhttps://hdl.handle.net/20.500.14156/336081
942 _cGB
_2lcc
999 _c40866
_d40866
998 _j109
_k อารีรัตน์ วิชาช่าง